A. WESLEY POWELL LEARNING RESOURCE CENTRE (WPLRC)

Wonderful Place to Learn, Research & Collaborate

Development and decolonisation / (Record no. 7594)

MARC details
000 -LEADER
fixed length control field 01028nam a2200289za 4500
001 - ACCESSION NUMBER
control field vtls000005795
003 - CONTROL NUMBER IDENTIFIER
control field WlAbNL
005 - DATE AND TIME OF LATEST TRANSACTION
control field 20170719155343.0
008 - FIXED-LENGTH DATA ELEMENTS--GENERAL INFORMATION
fixed length control field 990928s1981 enkabc 001 0 eng d
015 ## - NATIONAL BIBLIOGRAPHY NUMBER
National bibliography number GB8121791
Source bnb
020 ## - INTERNATIONAL STANDARD BOOK NUMBER
International Standard Book Number 0333305701 (pbk) :
Terms of availability 2.75
035 ## - SYSTEM CONTROL NUMBER
System control number (WlAbNL)LLGCb10005794
040 ## - CATALOGING SOURCE
Transcribing agency ddc
Original cataloging agency ddc
Language of cataloging eng
Modifying agency ddc
043 ## - GEOGRAPHIC AREA CODE
Geographic area code cc-----
082 04 - DEWEY DECIMAL CLASSIFICATION NUMBER
Classification number 972.9 GRE
Edition number 19
100 1# - MAIN ENTRY--PERSONAL NAME
Personal name Greenwood, R.
Fuller form of name (Robert),
Dates associated with a name 1939-
245 10 - TITLE STATEMENT
Title Development and decolonisation /
Statement of responsibility, etc. R. Greenwood and S. Hamber.
260 ## - PUBLICATION, DISTRIBUTION, ETC. (IMPRINT)
Place of publication, distribution, etc. London :
Name of publisher, distributor, etc. Macmillan Caribbean,
Date of publication, distribution, etc. 1981, c1980.
300 ## - PHYSICAL DESCRIPTION
Extent viii,182p :
Other physical details ill, maps,ports ;
Dimensions 25cm.
440 #0 - SERIES STATEMENT/ADDED ENTRY--TITLE
Title Caribbean certificate history
504 ## - BIBLIOGRAPHY, ETC. NOTE
Bibliography, etc Bibliography: p175-176. - Includes index.
651 #0 - SUBJECT ADDED ENTRY--GEOGRAPHIC NAME
Geographic name Caribbean Area
General subdivision History.
700 1# - ADDED ENTRY--PERSONAL NAME
Personal name Hamber, S.
942 ## - ADDED ENTRY ELEMENTS (KOHA)
Source of classification or shelving scheme Dewey Decimal Classification
Koha item type Books
949 ## - LOCAL PROCESSING INFORMATION (OCLC)
6 8501UC5811
Holdings
Withdrawn status Lost status Source of classification or shelving scheme Damaged status Not for loan Home library Current library Date acquired Total Checkouts Full call number Barcode Date last seen Price effective from Koha item type
    Dewey Decimal Classification     Wesley Powell Learning Resource Centre Wesley Powell Learning Resource Centre 07/19/2017   R/WIC/972.9 GRE(46340) 46340 07/19/2017 07/19/2017 Books